Normal view
MARC view
- Tendolkar Ketki
Entry Personal Name
001 - CONTROL NUMBER
- control field: 182797
003 - CONTROL NUMBER IDENTIFIER
- control field: OSt
005 - DATE AND TIME OF LATEST TRANSACTION
- control field: 20230605085001.0
008 - FIXED-LENGTH DATA ELEMENTS
- fixed length control field: 230605|| aca||aabn | a|a d
040 ## - CATALOGING SOURCE
- Original cataloging agency: OSt
- Transcribing agency: OSt
100 ## - HEADING--PERSONAL NAME
- Personal name: Tendolkar Ketki
670 ## - SOURCE DATA FOUND
- Source citation: Work cat.: (OSt)160859: Tendolkar Ketki, Comprehensive Landscape Development For child (age 3-10 years) Centric Spaces In Mall Environment Of Pune, 2015